000 00489nam a2200193Ia 4500
001 60887
008 141120s9999 xx 000 0 und d
020 _a9780226030135
040 _cPK-LaUMT
082 _a 321.9
_bSTR-t
100 _aStauss, Leo
245 _aOn tyranny
_cStauss, Leo|Gourevitch, Victor
260 _aChicago,USA:
_bThe University of Chicago Press,
_c2013
300 _a336 p.
546 _aEN
650 _aDespotism
700 _aGourevitch, Victor
942 _cBK
999 _c61354
_d61354